000 01069nam a2200253 a 4500
001 38163
003 BD-RjUL
005 20211209052736.0
008 150919s2007 bg ||||| |||| 00| 0 ben d
020 _a9840745948
035 _a(BD-RjUL)38268
040 _aBD-RjUL
_bben
_cBD-RjUL
041 _aben
082 _223
_a320.954
_bHUI 2007
100 _aহোসেন, সৈয়দ আনোয়ার
_9118070
245 _aইন্ডিয়া অফিস ও ভারত প্রশাসন (১৮৫৮-১৯২৪) /
_cমূল সৈয়দ আনোয়ার হোসেন ; আফতাব হোসেন অনুবাদ.
260 _aঢাকা :
_bবাংলা একাডেমী,
_c২০০৭
300 _a[বার], ২৫৫ পৃ.;
_c২২ সেমি.
504 _aIncludes Bibliography
650 _aIndia
_9118071
_x Politics and government.
651 _aভারত
_xরাজনীতি ও সরকার
_9124244
700 _a হোসেন, আফতাব.
_9118073
942 _2ddc
_cBK
999 _c38163
_d38163